Logo BPK

Bibliografia Prac Pracowników

Politechniki Koszalińskiej

Przegląd konstrukcyjno-funkcjonalny masownic do mięsa. (Rekord nr 5545)

Szczegóły MARC
000 -ETYKIETA REKORDU
podpole kontrolne o stałej długości 01245nab a2200253 i 4500
001 - NUMER KONTROLNY REKORDU
podpole kontrolne BPP
003 - IDENTYFIKATOR NUMERU KONTROLNEGO REKORDU
podpole kontrolne BPK
005 - DATA OSTATNIEJ MODYFIKACJI REKORDU
podpole kontrolne 20180413092751.0
008 - POLE O STAŁEJ DŁUGOŚCI - DANE KONTROLNE
podpole kontrolne o stałej długości 140909s2008 pl f |000 0 pol
040 ## - ŹRÓDŁO KATALOGOWANIA
Instytucja, która utworzyła rekord BPK
041 ## - KOD JĘZYKA
Kod języka tekstu pol
Kod języka streszczenia lub abstraktu eng
044 ## - KOD KRAJU WYDAWCY/PRODUCENTA
Kod kraju wydawcy/producenta POL
080 ## - UNIWERSALNA KLASYFIKACJA DZIESIĘTNA - UKD
UKD 637.5
100 ## - NAZWA OSOBOWA
Nazwa osobowa DIAKUN, Jarosław.
Lata pracy 1996 - .
Instytucja Politechnika Koszalińska - Wydział Mechaniczny,
Wydział Katedra Procesów i Urządzeń Przemysłu Spożywczego
245 ## - TYTUŁ/ODPOWIEDZIALNOŚĆ
Tytuł Przegląd konstrukcyjno-funkcjonalny masownic do mięsa.
Oznaczenie części/sekcji dzieła Cz. 2.
Tytuł części/sekcji dzieła Systemy załadunku i wyładunku /
Pozostałe elementy strefy tytułu i oznaczenia odpowiedzialności Jarosław Diakun, Mariusz Seńcio.
246 ## - WARIANT TYTUŁU
Tytuł Construction-functional overview of the meat tumbling machines.
Oznaczenie części/sekcji dzieła P. 2.
Tytuł części/sekcji dzieła Loading and unloading systems /
260 ## - STREFA ADRESU WYDAWNICZEGO
Data publikacji, dystrybucji/powstania dokumentu 2008.
500 ## - UWAGI OGÓLNE
Tekst uwagi Dane z autopsji.
520 ## - UWAGA DOTYCZĄCA TREŚCI DOKUMENTU
Analiza dokumentacyjna, adnotacja itp. W artykule opisane zostały systemy załadunku i wyładunku. Przeprowadzono analizę rozwiązań konstrukcyjnych i oceniono ich funkcjonalność użytkową na podstawie przeglądu katalogów i stron internetowych producentów urządzeń.
650 #0 - HASŁO PRZEDMIOTOWE W FORMIE NAZWY OGÓLNEJ LUB JEDNOSTKOWEJ
Nazwa ogólna lub geograficzna Przemysł mięsny.
650 #0 - HASŁO PRZEDMIOTOWE W FORMIE NAZWY OGÓLNEJ LUB JEDNOSTKOWEJ
Nazwa ogólna lub geograficzna Mięso - technologia.
773 ## - TYTUŁ DOKUMENTU MACIERZYSTEGO
Wyrażenie wprowadzające W :
Tytuł Postępy Techniki Przetwórstwa Spożywczego = Technological Progress in Food Processing. -
Informacje dotyczące relacji T. 19/34, 2009, nr 1, s. 86-90
942 ## - HASŁO DODATKOWE - ELEMENTY(KOHA)
Typ dokumentu Artykuł
Schemat klasyfikacji Uniwersalna klasyfikacja dziesiętna
Egzemplarze
Wycofany Zagubiony Uszkodzony Dostępność Lokalizacja stała Lokalizacja bieżąca Sygnatura Typ dokumentu
      Dostępny Bibliografia Prac Pracowników - BPK Bibliografia Prac Pracowników - BPK 01453 Artykuł
© 2014 Biblioteka Politechniki Koszalińskiej :: BIBLIOGRAFIA PRAC PRACOWNIKÓW